00568nam a2200169 450000500170000001000150001702000260003203500140005803700130007208200120008510000200009724500970011726000350021427000790024930000200032850000500034820191113105005.0 aENG-126880 a9788178245386c695.00 aEN-110412 bDBAD/PUB a325.273 aMongia, Radhika aIndian migration and empire :ba colonial genealogy of the modern state /cby Radhika Mongia aLucknowbPermanent Blackc2018 aHimalyana, Mall Road, Ranikhet CanttbRanikhete263645mperblack@gmail.com a230p.c22cm(Hb) aIncludes bibliographical references and index